La lógica oculta de la vida: cómo la economía explica todas nuestras decisiones
Salvato in:
| Autore principale: | |
|---|---|
| Natura: | Libro |
| Lingua: | spagnolo |
| Pubblicazione: |
Buenos Aires
Temas de Hoy
2008
|
| Edizione: | 1a. ed |
| Soggetti: | |
| Tags: |
Aggiungi Tag
Nessun Tag, puoi essere il primo ad aggiungerne!!
|
MARC
| LEADER | 00000nam a2200000 a 4500 | ||
|---|---|---|---|
| 001 | UCI7463 | ||
| 003 | CL-VaPUC | ||
| 008 | 080703e20080000AG |||||||||||||||||spa|d | ||
| 020 | |a 9789507300738 | ||
| 082 | 0 | 4 | |a 330 |b HAR |2 21 |
| 100 | |a Harford, Tim |e author |9 582224 | ||
| 245 | 1 | 3 | |a La lógica oculta de la vida: cómo la economía explica todas nuestras decisiones |
| 250 | |a 1a. ed | ||
| 300 | |a 347 p | ||
| 942 | |c BK | ||
| 945 | |d 20080703 00:00:00 |a jtorresc | ||
| 260 | |a Buenos Aires |b Temas de Hoy |c 2008 | ||
| 650 | 0 | |a Economía |9 255568 | |
| 650 | 0 | |a Teorías económicas |9 270968 | |
| 650 | 7 | |a ECONOMISTAS |2 CL-VaPUC |9 334314 | |
| 650 | 0 | |a Mercado |9 321497 | |
| 650 | 0 | |a Condiciones económicas |9 258255 | |
| 583 | |a last modification |c 20080703 00:00:00 |k Rodrigo Vera | ||
| 999 | |c 330742 |d 330740 | ||
| 952 | |0 0 |1 0 |4 0 |6 330_000000000000000_HAR_2008 |7 0 |8 A |9 416497 |a BIBENE |b BIBENE |d 2019-11-22 |i 4454375 |o 330 HAR 2008 |p 4454375 |r 2025-01-15 |w 2019-11-22 |y BK |k ICO | ||